Welcome to the Holygrace Academy Library

Please use search bar below to get started

INDIA ENTE PRANAYAVISMAYAM (Record no. 7917)

MARC details
000 -LEADER
fixed length control field 03085nam a22001457a 4500
020 ## - INTERNATIONAL STANDARD BOOK NUMBER
ISBN 978-93-5432-977-7
082 ## - DEWEY DECIMAL CLASSIFICATION NUMBER
Classification number 920
Item number MUT/I
100 ## - MAIN ENTRY--AUTHOR NAME
Personal name MUTHUKAD, GOPINATH
245 ## - TITLE STATEMENT
Title INDIA ENTE PRANAYAVISMAYAM
260 ## - PUBLICATION, DISTRIBUTION, ETC. (IMPRINT)
Place of publication KOTTAYAM
Name of publisher DC BOOKS
Year of publication 2021
300 ## - PHYSICAL DESCRIPTION
Number of Pages 334
520 ## - SUMMARY, ETC.
Summary, etc രണ്ടായിരത്തൊന്ന് നവംബറില്‍ തിരുവനന്തപുരം പുത്തരിക്കണ്ടം മൈതാനത്ത് നടത്തിയ പ്രൊപ്പല്ലര്‍ എസ്കേപ് എന്ന ഇന്ദ്രജാലപരിപാടി പരാജയപ്പെട്ടതിനെ തുടര്‍ന്ന്, മാധ്യമങ്ങളില്‍ നിന്നും ആളുകളില്‍ നിന്നും തത്കാലം രക്ഷപ്പെടാന്‍വേണ്ടിയാണ് ശ്രീ.ഗോപിനാഥ് മുതുകാട് ആദ്യമായി രാജ്യതലസ്ഥാനമായ ഡല്‍ഹിക്ക് ട്രെയിന്‍ കയറുന്നത്. ഗോപിനാഥ് മുതുകാട് എന്ന കലാകാരന്റെ ജീവിതത്തിലെ വലിയ യാത്രയുടെ തുടക്കമായിരുന്നു അത്. ആ യാത്ര നല്‍കിയ അനുഭങ്ങളുടെയും സൗഹൃദങ്ങളുടെയും തുടര്‍ച്ചയായി ദേശീയോദ്ഗ്രഥന സന്ദേശങ്ങളുമായി നാലുഭാരത യാത്രകള്‍ ശ്രീ. മുതുകാട് നടത്തി. വിസ്മയഭാരത യാത്ര, ഗാന്ധിമന്ത്ര, വിസ്മയസ്വരാജ്, മിഷന്‍ ഇന്ത്യ എന്നിവയായിരുന്നു ആ യാത്രകള്‍. ഒരോ യാത്രയിലൂടെയും ശ്രീ.മുതുകാട് അറിഞ്ഞ ഇന്ത്യ എന്ന വിസ്മയരാജ്യത്തെക്കുറിച്ചുള്ള ഓര്‍മ്മകളാണ് ഈ പുസ്തകം. ഈ പുസ്തകത്തില്‍ ഗാന്ധിയും ടാഗോറും എ പി ജെ അബ്ദുല്‍ കലാമും ഉള്‍പ്പെടെ ഇന്ത്യയെ അറിഞ്ഞ മഹത്ജീവിതങ്ങളുണ്ട്. വെള്ളത്തിനും വിദ്യാഭ്യാസത്തിനും ബുദ്ധിമുട്ടുന്ന ഗ്രാമീണ ഇന്ത്യയുണ്ട്. എല്ലാ പ്രതിസന്ധികളെയും അതിജീവിച്ച് തളരാതെ സഞ്ചരിച്ച മുതുകാട് എന്ന കലാകാരന്റെ പ്രചോദനാത്മക ജീവിതമുണ്ട്.
650 ## - SUBJECT ADDED ENTRY--TOPICAL TERM
Topical Term MALAYALAM TRAVELOGUE
Geographic subdivision KERALA
942 ## - ADDED ENTRY ELEMENTS (KOHA)
Koha item type Books
Holdings
Withdrawn status Lost status Collection code Home library Current library Shelving location Date acquired Source of acquisition Cost, normal purchase price Full call number Accession Number Koha item type
    Non-fiction Main Library Main Library NEW SHELF WITH NEW ENTRY 12/12/2023 purchase 350.00 920 MUT/I 13502 Books